Logique - Mort Subite #7 - Statistiques

Statistiques générales
  • Ce quiz a été pris 139 fois
  • Le résultat moyen est 6 sur 26
Answers on the Grid
Answers color-coded by a green-red scale on the quiz's grid according to % correct below.
Quintette
Maintenant
Suture
Pierre
Solfège
Néanmoins
Piéton
Jerry
Oeillet
Veau
Piment
Embrasser
Boulimie
Maman et Paul
Brune
Jacquouille
Dessin
Onglet
Jerk
Guelmim
Ford Transit
Joué-Lès-Tours
Surimi
Festival
Beaucoup
Habite
C'est un test, hein!
Badoit
Endroit
Je passe au vert
Craie
Téléphone
Dedans
Pomme
Poussin
Bac
Indexation
Frontignan
Arnaqueur
Foule
 
Statistiques - réponses
Réponse % Correct
Maintenant
50%
Néanmoins
38%
Quintette
33%
Beaucoup
32%
Piéton
31%
C'est un test, hein!
27%
Oeillet
27%
Dedans
26%
Jacquouille
26%
Frontignan
25%
Onglet
25%
Maman et Paul
24%
Arnaqueur
23%
Embrasser
22%
Poussin
22%
Badoit
21%
Habite
21%
Indexation
21%
Festival
20%
Je passe au vert
20%
Joué-Lès-Tours
20%
Dessin
19%
Ford Transit
19%
Pomme
16%
Boulimie
14%
Craie
12%
Aucun quiz correspondant
Distribution des résultats
% des personnes avec chaque résultat
Percentile par nombre de réponses
Votre historique - résultats
Vous n’avez pas pris ce quiz